Hyderabad-Secunderabad, twin cities; (Record no. 70499)

MARC details
000 -LEADER
fixed length control field 00970cam a22002651 4500
001 - CONTROL NUMBER
control field sa 66006394
003 - CONTROL NUMBER IDENTIFIER
control field DLC
005 - DATE AND TIME OF LATEST TRANSACTION
control field 20260227112256.0
008 - FIXED-LENGTH DATA ELEMENTS--GENERAL INFORMATION
fixed length control field 740820s1965 ii ab b 000 0 eng
010 ## - LIBRARY OF CONGRESS CONTROL NUMBER
LC control number sa 66006394
025 ## - OVERSEAS ACQUISITION NUMBER
Overseas acquisition number PL480:I-E-6171
035 ## - SYSTEM CONTROL NUMBER
System control number (OCoLC)983434
040 ## - CATALOGING SOURCE
Original cataloging agency DLC
Transcribing agency TxFTC
Modifying agency OCoLC
-- DLC
050 00 - LIBRARY OF CONGRESS CALL NUMBER
Classification number HD880.H9
Item number A7 1965
082 ## - DEWEY DECIMAL CLASSIFICATION NUMBER
Classification number 333.77
100 1# - MAIN ENTRY--PERSONAL NAME
Personal name Alam, S. Manzoor
Fuller form of name (Shah Manzoor)
245 10 - TITLE STATEMENT
Title Hyderabad-Secunderabad, twin cities;
Remainder of title a study in urban geography,
Statement of responsibility, etc. by Shah Manzoor Alam.
260 ## - PUBLICATION, DISTRIBUTION, ETC.
Place of publication, distribution, etc. Bombay,
-- New York,
Name of publisher, distributor, etc. Allied Publishers
Date of publication, distribution, etc. [1965]
300 ## - PHYSICAL DESCRIPTION
Extent xiv, 159 p.
Other physical details illus., maps (part fold.)
Dimensions 25 cm.
500 ## - GENERAL NOTE
General note "A slightly revised version of my thesis submitted at the University of Edinburgh for the degree of PH. D."
500 ## - GENERAL NOTE
General note 24 plates appended.
504 ## - BIBLIOGRAPHY, ETC. NOTE
Bibliography, etc. note Bibliography: p. [147]-156.
651 #0 - SUBJECT ADDED ENTRY--GEOGRAPHIC NAME
Geographic name Hyderabad (India)
General subdivision Description and travel.
651 #0 - SUBJECT ADDED ENTRY--GEOGRAPHIC NAME
Geographic name Secunderābād (India)
General subdivision Description and travel.

No items available.

Powered by Koha